[Event "IX Gyorgy Marx WGM"]
[Site "Paks HUN"]
[Date "2011.06.27"]
[Round "10"]
[White "Mkrtchian, Lilit"]
[Black "Dudas, Eszter"]
[Result "1-0"]
[WhiteElo "2468"]
[BlackElo "2194"]
[PlyCount "133"]
[EventDate "2011.06.17"]

1. Nf3 d5 2. c4 c6 3. e3 Nf6 4. Nc3 g6 5. d4 Bg7 6. Be2 O-O 7. O-O a6 8. b3 Ne4
9. Bb2 Bf5 10. Rc1 Re8 11. Qe1 Nxc3 12. Bxc3 Nd7 13. cxd5 cxd5 14. Ba5 b6 15.
Bc3 Qb8 16. Bb2 Qb7 17. Nh4 Be6 18. Bd3 Rac8 19. Qe2 b5 20. Nf3 Bg4 21. h3 Bxf3
22. Qxf3 Nf6 23. Qe2 Ne4 24. a4 Nd6 25. Ba3 Rxc1 26. Rxc1 bxa4 27. bxa4 a5 28.
Bxd6 exd6 29. Qc2 Bf6 30. Bb5 Rb8 31. g3 Bd8 32. Qa2 Rc8 33. Rxc8 Qxc8 34. Qxd5
Bc7 35. Qc6 Qd8 36. Bc4 Qe7 37. h4 h5 38. Qd5 Kg7 39. Kf1 Qf6 40. Ke2 Bd8 41.
Bb3 Bb6 42. Qe4 Bd8 43. Qa8 Bb6 44. Qe8 Bd8 45. Qc6 Kf8 46. Qd5 Kg7 47. f4 Bb6
48. Kd2 Bd8 49. Kd3 Bb6 50. Qb5 Bd8 51. Qd7 Bb6 52. Bd5 Bd8 53. Kc4 Qe7 54.
Qxe7 Bxe7 55. Kb5 Bd8 56. Kc6 Be7 57. Kc7 f5 58. Kd7 Bf6 59. Kxd6 Bd8 60. Bc4
Kf6 61. Kc6 Be7 62. d5 Bd8 63. d6 Kg7 64. Kb7 Kf6 65. Kc6 Kg7 66. Kd7 Bb6 67.
Ke8 1-0